Welcome to WEB OPAC of MRSPTU Central Library

Elementry mechanics of solids (Record no. 2712)

MARC details
000 -LEADER
fixed length control field 00385nam a2200157Ia 4500
008 - FIXED-LENGTH DATA ELEMENTS--GENERAL INFORMATION
fixed length control field 230711s9999||||xx |||||||||||||| ||und||
041 ## - LANGUAGE CODE
Language code of text/sound track or separate title ENG
082 ## - DEWEY DECIMAL CLASSIFICATION NUMBER
Classification number 620
Item number SI-E
100 ## - MAIN ENTRY--PERSONAL NAME
Personal name Singh,P.N
245 #0 - TITLE STATEMENT
Title Elementry mechanics of solids
250 ## - EDITION STATEMENT
Edition statement 1st Ed.
260 ## - PUBLICATION, DISTRIBUTION, ETC.
Date of publication, distribution, etc. 1988
Place of publication, distribution, etc. New Delhi
Name of publisher, distributor, etc. Wiley Eastern Limited
650 ## - SUBJECT ADDED ENTRY--TOPICAL TERM
Topical term or geographic name entry element Mechanical Engineering
700 ## - ADDED ENTRY--PERSONAL NAME
Personal name Jha,P.K
942 ## - ADDED ENTRY ELEMENTS (KOHA)
Koha item type Book
Holdings
Withdrawn status Lost status Damaged status Not for loan Collection Home library Current library Date acquired Total checkouts Full call number Barcode Date last seen Price effective from Koha item type
          MRSPTU Central Library MRSPTU Central Library     620 SI-E 10523 08/17/2023 08/17/2023 Book
          MRSPTU Central Library MRSPTU Central Library     620 SI-E 10524 08/17/2023 08/17/2023 Book
          MRSPTU Central Library MRSPTU Central Library     620 SI-E 10525 08/17/2023 08/17/2023 Book
          MRSPTU Central Library MRSPTU Central Library     620 SI-E 10526 08/17/2023 08/17/2023 Book
          MRSPTU Central Library MRSPTU Central Library     620 SI-E 10527 08/17/2023 08/17/2023 Book

Website Designed and Developed by MRSPTU Central Library Team

E-mail Id: librarian@mrsptu.ac.in